000 00594cam a2200145 4500500
005 20260201165227.0
041 _afre
042 _adc
100 1 0 _aMasset, Claude
_eauthor
245 0 0 _aPierre Crotti et al., eds, Premiers hommes dans les Alpes de 50 000 à 5 000 avant Jésus-Christ, Lausanne, Éditions Payot/Sion, Musées cantonaux du Valais, 2002, 199 p., bibl., gloss.
260 _c2003.
500 _a81
786 0 _nL'Homme | 165 | 1 | 2003-03-01 | p. 309p-348p | 0439-4216
856 4 1 _uhttps://shs.cairn.info/revue-l-homme-2003-1-page-309p?lang=fr&redirect-ssocas=7080
999 _c1643300
_d1643300